Engineering Mathematics-I Calculus and Linear Algebra (Record no. 9326)

MARC details
000 -LEADER
fixed length control field 00411nam a22001577a 4500
003 - CONTROL NUMBER IDENTIFIER
control field OSt
008 - FIXED-LENGTH DATA ELEMENTS--GENERAL INFORMATION
fixed length control field 201202b ||||| |||| 00| 0 eng d
100 ## - MAIN ENTRY--PERSONAL NAME
Personal name KUMAR, Kuldeep
245 ## - TITLE STATEMENT
Title Engineering Mathematics-I Calculus and Linear Algebra
250 ## - EDITION STATEMENT
Edition statement 5th ed.
260 ## - PUBLICATION, DISTRIBUTION, ETC. (IMPRINT)
Place of publication, distribution, etc New Delhi
Name of publisher, distributor, etc Bharat Publication
Date of publication, distribution, etc 2018
300 ## - PHYSICAL DESCRIPTION
Extent MISC 4.52
650 ## - SUBJECT ADDED ENTRY--TOPICAL TERM
Topical term or geographic name as entry element Mathematics
700 ## - ADDED ENTRY--PERSONAL NAME
Personal name KUMAR, Rajesh.
942 ## - ADDED ENTRY ELEMENTS (KOHA)
Source of classification or shelving scheme Dewey Decimal Classification
Koha item type Text Books
Holdings
Withdrawn status Lost status Source of classification or shelving scheme Damaged status Not for loan Collection code Home library Current library Date acquired Source of acquisition Currency Cost, normal purchase price Bill Number Total Checkouts Acc. no. / Barcode Date last seen Date last borrowed Actual Cost, discounted price Bill Date Koha item type
    Dewey Decimal Classification     Applied Sc. PIET C-LIBRARY PIET C-LIBRARY 02/12/2020 Bharat Publications IN Rupees 280.00 20-21/152 7 BB14518 28/01/2026 28/08/2025 210.00 02/12/2020 Book Bank
    Dewey Decimal Classification     Applied Sc. PIET C-LIBRARY PIET C-LIBRARY 02/12/2020 Bharat Publications IN Rupees 280.00 20-21/152 6 BB14519 23/01/2026 27/08/2025 210.00 02/12/2020 Book Bank

Design & Developed by: PIET Central Library
R70 Miles Stone Pattikalyana Samalkha Panipat 132102
mail ID :- [email protected], Phone No:- 0180-2569700 Ex.216